LEADER 01308nam a2200289 i 4500 001 000000152600 003 CaOOAMICUS 005 20060818000000.0 008 060818s1946 it u000 u ita u 013 $a129941 040 $aSeMil$bita 100 1 $aPestalozzi, Johann Heinrich,$d<1746-1827>.$0(OLS)http://semarc/name/7460 245 10$aCome Geltrude istruisce i suoi figli /$cEnrico Pestalozzi ; traduzione e introduzione di Antonio Banfi. 250 $a3. rist. 260 $aFirenze :$bLa Nuova Italia,$c1946. 300 $aXVI, 233 p. ;$c21 cm. 490 0 $aEducatori antichi e moderni ;$v25 650 4$aEducazione.$0(OLS)http://semarc/subject/204 650 4$aPedagogia.$0(OLS)http://semarc/subject/1060 700 1 $aBanfi, Antonio,$d<1886-1957>.$0(OLS)http://semarc/name/2861 773 0 $aPestalozzi, Johann Heinrich <1746-1827>$tOpere complete.$dFirenze : La Nuova Italia $w()16160 830 0$aEducatori antichi e moderni ;$v25.$0(OLS)http://semarc/title/7224 850 $aSeMil 852 $aSeMil$W1$xVenegono$y1$m2Q I 163$j104554$B104554$CSeMilBibl$Z2$F113691 $81 961 $aLascito: Gogna prof.ssa Silvia 996 $6245$aCome Geltrude istruisce i suoi figli$9(OLS)http://semarc/title/223132 996 $6260$aFirenze :$bLa Nuova Italia$9(OLS)http://semarc/publisher/30055 LEADER 01534nam a2200301 i 4500 001 000000185105 003 CaOOAMICUS 005 20100127000000.0 008 100127s1959 sp u000 u spa u 013 $a163101 040 $aSeMil$bita 100 1 $aPineda, Juan : de <1557?-1637>.$0(OLS)http://semarc/name/13741 240 10$aDeclaración del "Pater noster".$0(OLS)http://semarc/title/409119 240 10$aManual de vida perfecta y Esclavitud mariana.$0(OLS)http://semarc/title/409120 240 10$aExhortación a la devoción de la Virgen.$0(OLS)http://semarc/title/409121 240 10$aHomiliario evangélico.$0(OLS)http://semarc/title/265876 245 10$aMeditaciones del amor de Dios /$cFray Diego de Estella. 300 $aXI, 868 p. 490 0 $aBiblioteca de autores cristianos 700 1 $aDe los Angeles, Juan.$0(OLS)http://semarc/name/68004 700 1 $aEstella, Diego : de,$d<1524-1578>.$0(OLS)http://semarc/name/5130 700 1 $aMadrigal, Juan Bautista : de.$0(OLS)http://semarc/name/68006 700 1 $aCetina, Melchor : de.$0(OLS)http://semarc/name/68005 773 0 $tMisticos franciscanos españoles.$bEdicion preparada por los redactores de «Verdad y Vida».$dMadrid : Biblioteca de autores cristianos, 1958-1959.$gTomo3$w()22803 830 0$aBiblioteca de autores cristianos.$0(OLS)http://semarc/title/428 850 $aSeMil 852 $aSeMil$W1$xVenegono$y1$m2S V 191$j135796$B135796$CSeMilBibl$Z2$F147333 $81 996 $6245$aMeditaciones del amor de Dios$9(OLS)http://semarc/title/265875